000 00521nam a2200181Ia 4500
005 20250508153808.0
008 008 250505s9999 xx 000 0 eng d
037 _aTextual
040 _aFEDL
_beng
_cFEDL
041 _aeng
_2eng
084 _a372.89, CLA
_qFEDL
100 _aClarke F
245 0 _aFoundations of history-teaching: A critique for teachers
260 _aLondon, UK
_bOxford University Press
_c1929
300 _avi,171p.
942 _cTEXL
_h372.89, CLA
999 _c1345544
_d1345544